Prof. G Ram Reddy Library

Transforming higher education (Record no. 77905)

MARC details
000 -LEADER
fixed length control field 00539nam a2200205Ia 4500
003 - CONTROL NUMBER IDENTIFIER
control field LDD
008 - FIXED-LENGTH DATA ELEMENTS--GENERAL INFORMATION
fixed length control field 181029s9999 xx 000 0 und d
020 ## - INTERNATIONAL STANDARD BOOK NUMBER
International Standard Book Number 1402046561
Terms of availability E69.95
040 ## - CATALOGING SOURCE
Transcribing agency LDD
100 ## - MAIN ENTRY--PERSONAL NAME
Personal name Kogan, M.
245 #0 - TITLE STATEMENT
Title Transforming higher education
Statement of responsibility, etc. M. Kogan
250 ## - EDITION STATEMENT
Edition statement Second Edition
260 ## - PUBLICATION, DISTRIBUTION, ETC.
Place of publication, distribution, etc. The Netherlands
Name of publisher, distributor, etc. Springer
Date of publication, distribution, etc. 2006
300 ## - PHYSICAL DESCRIPTION
Extent xiv, 201p.
365 ## - TRADE PRICE
Price amount E 69.95
901 ## - LOCAL DATA ELEMENT A, LDA (RLIN)
a 3669
b 11-01-2007
902 ## - LOCAL DATA ELEMENT B, LDB (RLIN)
a 8733
b 15-02-2007
c F
d OP
e 37
903 ## - LOCAL DATA ELEMENT C, LDC (RLIN)
a Discount-10
b Reqst by : Poonam
942 ## - ADDED ENTRY ELEMENTS (KOHA)
Source of classification or shelving scheme Dewey Decimal Classification
Koha item type Books
Holdings
Withdrawn status Lost status Source of classification or shelving scheme Damaged status Not for loan Home library Current library Total Checkouts Full call number Barcode Date last seen Cost, replacement price Price effective from Koha item type
No   Dewey Decimal Classification     Library and Documentation Division Library and Documentation Division   378 T687 061235 11/01/2018 4043.80 11/01/2018 Books

© Prof. G Ram Reddy Centre Library, Indira Gandhi National Open University, Maidan Garhi, New Delhi, 110068
+91-011-29532797 | FAX+91-011-29533393 |